[Event "Chessable Masters Play In"]
[Site "Chess.com INT"]
[Date "2024.01.31"]
[Round "4"]
[White "Sadhwani, Raunak"]
[Black "Alekseenko, Kirill"]
[Result "1/2-1/2"]
[WhiteElo "2654"]
[BlackElo "2650"]
[PlyCount "101"]
[EventDate "2024.01.31"]
[EventType "swiss (rapid)"]
[EventRounds "9"]
[EventCountry "USA"]
[SourceTitle "CB06_2024"]
[SourceDate "2024.02.07"]
[SourceVersion "1"]
[SourceVersionDate "2024.02.07"]
[SourceQuality "1"]

1. e4 e5 2. Nf3 Nc6 3. Bb5 a6 4. Ba4 d6 5. c3 Bd7 6. 0-0 Nge7 7. d4 Ng6 8. Be3 Be7 9. Nbd2 0-0 10. Bc2 exd4 11. cxd4 Nb4 12. Bb1 Bb5 13. Re1 Nd3 14. Bxd3 Bxd3 15. Qb3 Bb5 16. a4 Bd7 17. Qxb7 Qb8 18. Qd5 c6 19. Qa2 Qb7 20. Rab1 Be6 21. b3 d5 22. Ng5 Bd7 23. Ngf3 Bb4 24. Ne5 Nxe5 25. dxe5 dxe4 26. Rbc1 Rfe8 27. Bf4 Bf5 28. Re3 Bxd2 29. Qxd2 Rad8 30. Qc2 h6 31. h3 Re6 32. Rc3 Kh7 33. Rxc6 Rxc6 34. Qxc6 Qxb3 35. Qxa6 Rd1+ 36. Rxd1 Qxd1+ 37. Kh2 Qd4 38. Kg1 Qd1+ 39. Kh2 Qd4 40. Bg3 e3 41. fxe3 Qxe3 42. Qf1 Kg6 43. a5 Qa3 44. Qe1 Qa2 45. Bf2 Kh7 46. Bb6 Be6 47. Qe4+ Kg8 48. Qa8+ Kh7 49. Qe4+ Kg8 50. Qa8+ Kh7 51. Qe4+ 1/2-1/2

[Event "Titled Tuesday intern op 23rd Jan Late"]
[Site "Chess.com INT"]
[Date "2024.01.23"]
[Round "1"]
[White "Alekseenko, Kirill"]
[Black "Garcia De Dios, Jose Antonio"]
[Result "1-0"]
[WhiteElo "2650"]
[BlackElo "2194"]
[PlyCount "47"]
[EventDate "2024.01.23"]
[EventType "swiss (blitz)"]
[EventRounds "11"]
[EventCountry "USA"]
[SourceTitle "CB05_2024"]
[SourceDate "2024.01.31"]
[SourceVersion "1"]
[SourceVersionDate "2024.01.31"]
[SourceQuality "1"]

1. e4 e6 2. d4 d5 3. Nd2 c5 4. exd5 Qxd5 5. dxc5 Bxc5 6. Ngf3 Nf6 7. Bd3 0-0 8. Qe2 Nbd7 9. b3 a6 10. Bb2 Qc6 11. 0-0-0 Be7 12. Ne4 b5 13. Nxf6+ Nxf6 14. Ne5 Qc7 15. g4 Bb7 16. g5 Nd5 17. Qh5 g6 18. Qh6 Nc3 19. Rhe1 Nxa2+ 20. Kb1 Nc3+ 21. Bxc3 Qxc3 22. Bxg6 hxg6 23. Re3 Qc5 24. Rh3 1-0

[Event "Titled Tuesday intern op 16th Jan Late"]
[Site "Chess.com INT"]
[Date "2024.01.16"]
[Round "6"]
[White "Alekseenko, Kirill"]
[Black "Rosen, Eric S"]
[Result "1-0"]
[WhiteElo "2650"]
[BlackElo "2361"]
[PlyCount "67"]
[EventDate "2024.01.16"]
[EventType "swiss (blitz)"]
[EventRounds "11"]
[EventCountry "USA"]
[SourceTitle "CB04_2024"]
[SourceDate "2023.10.16"]
[SourceVersion "1"]
[SourceVersionDate "2023.10.16"]
[SourceQuality "1"]

1. e4 c5 2. Nf3 e6 3. d4 cxd4 4. Nxd4 Nc6 5. Nc3 Qc7 6. h3 a6 7. Nxc6 bxc6 8. Bd3 d5 9. 0-0 Nf6 10. Qe2 Be7 11. Bg5 0-0 12. Rad1 Re8 13. Rfe1 Bb7 14. e5 Nd7 15. Bxe7 Rxe7 16. Qh5 Nf8 17. Ne2 c5 18. c3 a5 19. Ng3 Ba6 20. Bb1 Rb8 21. Rd2 a4 22. Qh4 Qd8 23. Qxa4 Ra7 24. Qg4 Ng6 25. f4 Bc8 26. Kh2 Ra4 27. Rf2 Nxe5 28. Rxe5 Qc7 29. b4 cxb4 30. Nh5 f5 31. Bxf5 bxc3 32. Bxh7+ Kxh7 33. Nf6+ gxf6 34. Rh5# 1-0